Państwa, które produkują i eksportują najwięcej odzieży - Statystyki

Ogólne statystyki
  • Ten quiz został rozwiązany 21 razy
  • Średni wynik to 8 z 10
Statystyki odpowiedzi
Miejsce Wartość eksportu odzieży (mld USD) Udział w rynku % Kraj % Poprawnych
1 175 33,3 Chiny
100%
2 34 6,4 Bangladesz
95%
4 16 3,0 Indie
95%
9 11 2,1 Indonezja
90%
10 10 1,9 Pakistan
80%
3 33 6,3 Wietnam
80%
7 11 2,1 Meksyk
75%
8 11 2,1 Włochy
75%
6 13 2,5 Niemcy
60%
5 13 2,5 Turcja
55%
Nie znaleziono quizów pasujących do podanych kryteriów
Rozkład punktacji
Procent ludzi z każdym wynikiem
Percentyl według liczby udzielonych odpowiedzi
Twoja historia wyników
Nie rozwiązałeś tego quizu